| 000 | 00700nam a22001937a 4500 | ||
|---|---|---|---|
| 010 | _aB-168044 | ||
| 020 |
_a9788186623848 _c1100.00 |
||
| 035 | _aB-168044 | ||
| 037 | _aCen Lib/Ret | ||
| 040 |
_aDPL _bEN |
||
| 082 |
_a631.8 _bTHE |
||
| 110 |
_bIndia. National Institute of Industrial Research _998314 |
||
| 245 |
_aThe complete technology book on bio-fertilizer and organic farming / _bby National Institute of Industrial Research (India) |
||
| 260 |
_aNew Delhi _bNational Institute of Industrial Research, _c2004 |
||
| 300 |
_a620p _b24cm(Pb) |
||
| 650 |
_aBiofertilizers -- India. _9112168 |
||
| 650 |
_aOrganic farming -- India. _9112169 |
||
| 942 |
_2ddc _cEN _h631.8 _mTHE |
||
| 999 |
_c136151 _d136151 |
||